| 000 | 02137nam a2200289Ia 4500 | ||
|---|---|---|---|
| 000 | 06529naaa 01729uu | ||
| 001 | https://directory.doabooks.org/handle/20.500.12854/69229 | ||
| 005 | 20260218105957.0 | ||
| 008 | 211013s9999 xx 000 0 und d | ||
| 020 | _a9783039431205 | ||
| 024 | _a10.3390/books978-3-03943-121-2 | ||
| 042 | _adc | ||
| 245 | 0 | _aSelected Papers from PRES's 2019;19 : The 22nd Conference on Process Integration, Modelling and Optimisation for Energy Saving and Pollution Reduction | |
| 260 |
_aBasel, Switzerland _bMDPI - Multidisciplinary Digital Publishing Institute _c2020 |
||
| 300 | _a1 electronic resource (428 p.) | ||
| 520 | _aEnergy is a fundamental social need and plays an essential role in driving economic growth. The emerging economy requires the support of a reliable, affordable, and energy system with low carbon emissions and air pollutants. System design is important in facilitating sustainable development. Various works that aspire to promote sustainable system design by addressing the issues of enhancing energy and environmental performance were presented in the Special Issue (SI) of the 22nd Conference on Process Integration, Modelling and Optimisation for Energy Saving and Pollution Reduction (PRES's 2019;19). The contribution can be categorised into four topics focused on modelling, simulation, optimisation, and assessment studies, on the topics of: (a) heat integration and heat transfer, (b) integrated and newly developed heat exchangers, (c) integration of renewables (d) roles in economic and environmental sustainability. This book is complemented with an editorial review, to highlight the broader state-of-the-art development. | ||
| 540 | _aCreative Commons | ||
| 653 | _aProcess Integration | ||
| 700 | 1 | _a, Zorka Novak | |
| 700 | 1 | _aFan, Yee-Van | |
| 700 | 1 | _aKLEME's 160 | |
| 700 | 1 | _aKLEME's 160 | |
| 700 | 1 | _aPintari's 10D | |
| 856 |
_uhttps://docs.google.com/spreadsheets/d/1yKIrdCPDAG_9c22mwoOIO2DOhtj65Wqa/edit?usp=sharing&ouid=106555315294820607512&rtpof=true&sd=true _yList of Curated E-Books |
||
| 942 | _cE-BOOK | ||
| 999 |
_c52375 _d52375 |
||